000 00204 a2200097 4500
020 _a076783006997
041 _aeng
100 _aWillis, Connie
245 _aMiracle and other christmas stories
942 _cBK
999 _c4964
_d4964